Central Library OPAC University of Rajshahi

Women in Indian life and society / (Record no. 47063)

MARC details
000 -LEADER
fixed length control field 01271nam a2200313 a 4500
001 - CONTROL NUMBER
control field 47063
003 - CONTROL NUMBER IDENTIFIER
rucl marc code BD-RjUL
005 - DATE AND TIME OF LATEST TRANSACTION
control field 20211209054244.0
008 - FIXED-LENGTH DATA ELEMENTS--GENERAL INFORMATION
fixed length control field 160 s1996 ii b 100 0 eng
020 ## - INTERNATIONAL STANDARD BOOK NUMBER
International Standard Book Number 8185094977
035 ## - SYSTEM CONTROL NUMBER
System control number (BD-RjUL)47182
040 ## - CATALOGING SOURCE
Original cataloging agency DLC
Transcribing agency DLC
Modifying agency BD-RjUL
Language of cataloging eng
041 ## - LANGUAGE CODE
Language code of text/sound track or separate title eng
082 00 - DEWEY DECIMAL CLASSIFICATION NUMBER
Classification number 305.420954
Edition number 23
Author mark and year WOM 1996
245 00 - TITLE STATEMENT
Title Women in Indian life and society /
Statement of responsibility, etc. edited by Amitabha Mukherjee.
250 ## - EDITION STATEMENT
Edition statement 1st ed.
260 ## - PUBLICATION, DISTRIBUTION, ETC. (IMPRINT)
Place of publication, distribution, etc. Calcutta :
Name of publisher, distributor, etc. Punthi Pustak and Institute of Historical Studies,
Date of publication, distribution, etc. 1996.
300 ## - PHYSICAL DESCRIPTION
Pagination [8], 287 p. ;
Size 22 cm.
504 ## - BIBLIOGRAPHY, ETC. NOTE
Bibliography, etc Includes bibliographical references.
520 ## - SUMMARY, ETC.
Summary, etc. Collection of papers presented at the Annual Conference of the Institute of Historical Studies held at Erode in Tamil Nadu in January 1983.
650 #0 - SUBJECT ADDED ENTRY--TOPICAL TERM
Topical term or geographic name as entry element Women
Geographic subdivision India
General subdivision Social conditions
Form subdivision Congresses.
9 (RLIN) 143339
Topical term or geographic name as entry element Women
Geographic subdivision India
General subdivision History
Form subdivision Congresses.
9 (RLIN) 143340
Topical term or geographic name as entry element Women's rights
Geographic subdivision India
Form subdivision Congresses.
9 (RLIN) 143341
Topical term or geographic name as entry element Women
General subdivision Political activity
Geographic subdivision India
Form subdivision Congresses.
9 (RLIN) 143342
700 1# - ADDED ENTRY--PERSONAL NAME
Personal name Mukhopādhyāẏa, Amitābha,
Dates associated with a name 1931-
710 2# - ADDED ENTRY--CORPORATE NAME
Corporate name or jurisdiction name as entry element Institute of Historical Studies (Kolkata, India).
Subordinate unit Annual Conference
Date of meeting or treaty signing (1983 :
Location of meeting Erode, India)
9 (RLIN) 143344
942 ## - ADDED ENTRY ELEMENTS (KOHA)
Source of classification or shelving scheme Dewey Decimal Classification
Koha item type Books
Holdings
Lost status Source of classification or shelving scheme Damaged status Not for loan Collection code Permanent Location Current Location Shelving location Date acquired Source of acquisition Cost, normal purchase price Total Checkouts Full call number Date last seen Copy number Koha item type
  Dewey Decimal Classification     Non-fiction Central Library, University of Rajshahi Central Library, University of Rajshahi   28/02/2006 Pragon Enterprize ltd. 370.00   305.420954 WOM 1996 06/08/2016 C-2 Books
  Dewey Decimal Classification   Not For Loan Non-fiction Central Library, University of Rajshahi Central Library, University of Rajshahi Reading Room 28/02/2006 dhaka, paragon Enterprice ltd. 370.00   305.420954 WOM 1996 17/12/2016 C-1 Books